Nutrition & diagnosis related care / (Record no. 614531)

000 -LEADER
fixed length control field 02485cam a2200409 i 4500
001 - CONTROL NUMBER
control field 22161409
005 - DATE AND TIME OF LATEST TRANSACTION
control field 20260311140621.0
008 - FIXED-LENGTH DATA ELEMENTS--GENERAL INFORMATION
fixed length control field 210802s2022 ilua bf 001 0 eng
010 ## - LIBRARY OF CONGRESS CONTROL NUMBER
LC control number 2021037212
020 ## - INTERNATIONAL STANDARD BOOK NUMBER
International Standard Book Number 9780880910576
Qualifying information (hardcover)
020 ## - INTERNATIONAL STANDARD BOOK NUMBER
Canceled/invalid ISBN 9780880911436
Qualifying information (ebook)
035 ## - SYSTEM CONTROL NUMBER
System control number 22161409
040 ## - CATALOGING SOURCE
Original cataloging agency DLC
Language of cataloging eng
Description conventions rda
Transcribing agency DLC
Modifying agency DLC
042 ## - AUTHENTICATION CODE
Authentication code pcc
050 00 - LIBRARY OF CONGRESS CALL NUMBER
Classification number RM217.2
Item number .E83 2022
082 00 - DEWEY DECIMAL CLASSIFICATION NUMBER
Classification number 615.854
Author Mark ESC
100 1# - MAIN ENTRY--PERSONAL NAME
Personal name Escott-Stump, Sylvia,
Relator term author.
9 (RLIN) 111913
245 10 - TITLE STATEMENT
Title Nutrition & diagnosis related care /
Statement of responsibility, etc. Sylvia Escott-Stump, MA, RDN, LDN, FAND.
246 30 - VARYING FORM OF TITLE
Title proper/short title Nutrition and diagnosis related care
250 ## - EDITION STATEMENT
Edition statement Ninth edition.
264 #1 - PRODUCTION, PUBLICATION, DISTRIBUTION, MANUFACTURE, AND COPYRIGHT NOTICE
Place of production, publication, distribution, manufacture Chicago, IL :
Name of producer, publisher, distributor, manufacturer Academy of Nutrition and Dietetics,
Date of production, publication, distribution, manufacture, or copyright notice [2022]
300 ## - PHYSICAL DESCRIPTION
Extent xv, 1299 pages :
Other physical details color illustrations ;
Dimensions 29 cm
336 ## - CONTENT TYPE
Content type term text
Content type code txt
Source rdacontent
337 ## - MEDIA TYPE
Media type term unmediated
Media type code n
Source rdamedia
338 ## - CARRIER TYPE
Carrier type term volume
Carrier type code nc
Source rdacarrier
504 ## - BIBLIOGRAPHY, ETC. NOTE
Bibliography, etc. note Includes bibliographical references and index.
520 ## - SUMMARY, ETC.
Summary, etc. "This authoritative go-to resource for students and clinical nutrition practitioners covers over 270 conditions in 16 sections. Each section provides an overview followed by essential evidence-based information on nutrition management of each condition. Nutrition therapy and practical guidance is presented in a unique style that is easy-to-navigate and implement in practice. Mini case studies throughout demonstrate application of the Nutrition Care Process and standardized language in a practical example. Comprehensive appendix material addresses basic nutrition principles, dietary supplements, laboratory data assessment, cultural competency, dietetics practice and quality standards, and much more"--
Assigning source Provided by publisher.
546 ## - LANGUAGE NOTE
Language note In English
650 #0 - SUBJECT ADDED ENTRY--TOPICAL TERM
Topical term or geographic name entry element Diet therapy
Form subdivision Handbooks, manuals, etc.
9 (RLIN) 130343
650 #0 - SUBJECT ADDED ENTRY--TOPICAL TERM
Topical term or geographic name entry element Nutrition disorders - Diet therapy.
9 (RLIN) 133644
650 #0 - SUBJECT ADDED ENTRY--TOPICAL TERM
Topical term or geographic name entry element Nutrition
Form subdivision Handbooks, manuals, etc.
9 (RLIN) 130344
776 08 - ADDITIONAL PHYSICAL FORM ENTRY
Relationship information Online version:
Main entry heading Escott-Stump, Sylvia.
Title Nutrition and diagnosis related care
Edition Ninth edition.
Place, publisher, and date of publication Chicago, IL : Academy of Nutrition and Dietetics, [2022]
International Standard Book Number 9780880911436
Record control number (DLC) 2021037213
906 ## - LOCAL DATA ELEMENT F, LDF (RLIN)
a 7
b cbc
c orignew
d 1
e ecip
f 20
g y-gencatlg
942 ## - ADDED ENTRY ELEMENTS (KOHA)
Source of classification or shelving scheme
Koha item type Book
Holdings
Withdrawn status Lost status Source of classification or shelving scheme Damaged status Not for loan Permanent Location Current Location Shelving location Date acquired Source of acquisition Cost, normal purchase price Total Checkouts Total Renewals Full call number Barcode Date last seen Date last checked out Copy number Cost, replacement price Price effective from Koha item type
          NUST School of Health Sciences (NSHS) NUST School of Health Sciences (NSHS) General Stacks 08/07/2025 2025-08-07 42429.00 1 1 615.854 ESC NSHS-2070 02/16/2026 09/08/2025 c.1 84858.00 08/07/2025 Book
        Not For Loan NUST School of Health Sciences (NSHS) NUST School of Health Sciences (NSHS) Reference 08/07/2025 2025-08-07 42429.00     R 615.854 ESC NSHS-2071 08/19/2025   c.2 84858.00 08/07/2025 Book
© 2023 Central Library, National University of Sciences and Technology. All Rights Reserved.